| 000 | 00871nam a2200241 i 4500 | ||
|---|---|---|---|
| 001 | 15849 | ||
| 003 | ES-MaACL | ||
| 005 | 20250819052223.0 | ||
| 007 | t| | ||
| 008 | 000508s1998 sp ||||1| spa d | ||
| 020 | _a84-922438-0-5 | ||
| 080 | _a303 | ||
| 245 | 0 | 0 |
_aNuevos avances en la investigación social _b: la investigación social de segundo orden / _cintroducción y selección de textos de Jesús Ibáñez. |
| 250 | _a2ª ed. aumentada. | ||
| 260 |
_aBarcelona : _bProyecto A, _c1998. |
||
| 300 |
_a2 v. ; _c24 cm. |
||
| 490 | 1 |
_aCuadernos A. Biblioteca universitaria. Temas de ciencias sociales ; _v8,9 |
|
| 650 | 1 | 4 |
_aCiencias sociales- _xMetodología _910996 |
| 700 | 1 |
_aIbáñez, Jesús. _964906 |
|
| 830 | 0 | 0 |
_aCuadernos A. _pBiblioteca universitaria _v8,9 _9228354 |
| 852 |
_aES-MaACL _jL-23100-1 _bR.127060 |
||
| 999 |
_c15849 _d15849 |
||